Vista normal
Vista MARC
Entrada Nombre personal
Número de registros utilizados en: 1
001 - NÚMERO DE CONTROL
- Campo de control: 45112
003 - IDENTIFICADOR DE NÚMERO DE CONTROL
- Campo de control: OSt
005 - FECHA Y HORA DE LA ULTIMA MODIFICACION
- Campo de control: 20210423165555.0
008 - ELEMENTOS DE DATOS DE LONGITUD FIJA
- Campo de longitud fija: 210423|| aca||aabn | a|a d
040 ## - FUENTE DE LA CATALOGACIÓN
- Agencia original de catalogación: OSt
100 1# - ENCABEZAMIENTO--NOMBRE DE PERSONA
- Nombre personal: Juárez López, Luz Angélica
670 ## - FUENTE DE DATOS ENCONTRADOS
- Fuente de citación: Investigación, perfiles de turistas potenciales en espacios naturales y culturales del departamento de Santa Ana, Post Covid-19
670 ## - FUENTE DE DATOS ENCONTRADOS
- Fuente de citación: BMC.- 23-04-2021